AU LIBRARIES
Centralized Library System Across Seven Campuses

Research Design (Record no. 47633)

MARC details
000 -LEADER
fixed length control field 00472nam a2200169 4500
005 - DATE AND TIME OF LATEST TRANSACTION
control field 20260602110027.0
008 - FIXED-LENGTH DATA ELEMENTS--GENERAL INFORMATION
fixed length control field 260602b |||||||| |||| 00| 0 eng d
020 ## - INTERNATIONAL STANDARD BOOK NUMBER
ISBN 9781071817940
082 ## - DEWEY DECIMAL CLASSIFICATION NUMBER
Classification number 658
Author Mark WCR-R
100 ## - MAIN ENTRY--AUTHOR
Author Name W. Creswell, John
245 ## - TITLE STATEMENT
Title Research Design
Sub-Title Qualitative, Quantitative, and Mix Methods Approaches
250 ## - EDITION STATEMENT
Edition statement 6th Ed.
260 ## - PUBLICATION, DISTRIBUTION, ETC.
Place of Publication Los Angles
Name of publisher, distributor, etc. SAGE Publication
Date of publication, distribution, etc. 2023
300 ## - PHYSICAL DESCRIPTION
Pages 379p.
650 ## - SUBJECT ADDED ENTRY--TOPICAL TERM
Subject / Department Management Science
942 ## - ADDED ENTRY ELEMENTS (KOHA)
Koha item type Book
Holdings
Withdrawn status Lost status Damaged status Not for loan Collection code Permanent Location Current Location Shelving Location Date acquired Source of acquisition Price Total Checkouts Full Call Number Accession No./Barcode Date last seen Koha item type
        Management Science Air University H-11 Campus Islamabad Air University H-11 Campus Islamabad Management Science 04/27/2026 Ali Book Services 2070.00   658 WCR-R AUHEP0202 06/02/2026 Book
        Management Science Air University H-11 Campus Islamabad Air University H-11 Campus Islamabad Management Science 04/27/2026 Ali Book Services 2070.00   658 WCR-R AUHEP0201 06/02/2026 Book
Air University Sector E-9, Islamabad Pakistan
Email: librarian@au.edu.pk  Tel : +0092 51 9262612 Ext: 631